000
00303nam a22001337a 4500
008
260408b ||||| |||| 00| 0 eng d
020
_a
9788779897731
041
_a
eng
080
_a
1.1
100
_a
25
101
_a
psiko
245
_a
The Evolution of a Science
_c
L. Ron Hubbard
942
_2
udc
_c
BK
999
_c
60967
_d
60967